Statistics for 道の駅が3つ以上ある自治体

Click here to take the quiz!

General Stats

  • This quiz has been taken 52 times
  • The average score is 68 of 115

Answer Stats

Answer道の駅% Correct
高山市飛騨たかね工房桜の郷 荘川
84%
高山市ななもり清見飛騨街道 なぎさひだ朝日村
84%
高山市パスカル清見奥飛騨温泉郷上宝モンデウス飛騨位山
84%
村上市神林朝日笹川流れ
82%
宮崎市高岡田野フェニックス
82%
糸魚川市能生越後市振の関親不知ピアパーク
78%
北秋田市たかのすあに大館能代空港
78%
前橋市ぐりーんふらわー
牧場・大胡
赤城の恵ふじみ
76%
田辺市田辺市龍神
ごまさんスカイタワー
76%
前橋市まえばし赤城
76%
田辺市紀州備長炭記念公園奥熊野古道ほんぐう水の郷日高川 龍游
76%
田辺市ふるさとセンター大塔龍神熊野古道中辺路
76%
宮古市みやこ
76%
宮古市区界高原たろうやまびこ館
76%
輪島市千枚田ポケットパーク赤神輪島
73%
輪島市のと里山空港
73%
鳥取市神話の里 白うさぎ清流茶屋 かわはら西いなば 気楽里
73%
長野市信州新町長野市大岡特産センター中条
71%
上越市雪のふるさと やすづかよしかわ杜氏の郷うみてらす名立
71%
浜松市くんま水車の里いっぷく処横川天竜相津 花桃の里
71%
一関市厳美渓かわさきむろね
71%
三好市にしいや三野大歩危
71%
北杜市はくしゅう南きよさとこぶちさわ
69%
中津川市花街道付知賤母きりら坂下
69%
中津川市加子母五木のやかた・かわうえ
69%
柏崎市風の丘米山西山ふるさと公苑じょんのびの里高柳
69%
七尾市いおりなかじまロマン峠のとじま
67%
関市ラステンほらど平成むげ川
67%
由利本荘市おおうち清水の里・鳥海郷
67%
由利本荘市にしめ東由利岩城
67%
飛騨市アルプ飛騨古川飛騨古川いぶし宙ドーム・神岡
67%
花巻市はなまき西南
67%
花巻市石鳥谷はやちねとうわ
67%
七尾市能登食祭市場
67%
恵那市上矢作ラ・フォーレ
福寿の里
そばの郷 らっせぃみさとおばあちゃん市・山岡
64%
長岡市ながおか花火館
64%
南砺市福光たいら
64%
長岡市良寛の里 わしまR290とちお越後川口
64%
新潟市豊栄新潟ふるさと村花夢里にいつ
64%
出雲市大社ご縁広場キララ多伎湯の川
64%
雲南市掛谷の里さくらの里きすきおろちの里
64%
日田市せせらぎ郷かみつえ鯛生金山水辺の郷おおやま
64%
南砺市上平利賀井波
64%
雲南市たたらば壱番地
64%
山口市あいお長門峡仁保の郷
64%
山口市願成就温泉きらら あじす
64%
大崎市三本木あ・ら・伊達な道の駅おおさき
62%
珠洲市すず塩田村狼煙すずなり
62%
白山市瀬女一向一揆の里めぐみ白山
62%
大仙市かみおかなかせん協和
62%
延岡市北川はゆま北浦北方よっちみろ屋
60%
高島市くつき新本陣しんあさひ風車村マキノ追坂峠
60%
庄原市リストアステーション遊YOUさろん東城たかの
60%
高島市藤樹の里あどがわ
60%
郡上市白尾ふれあいパーク清流の里しろとり
60%
郡上市美並明宝白山文化の里長滝
60%
郡上市大日岳古今伝授の里やまと和良
60%
三条市燕三条地場産センター漢学の里しただ庭園の郷 保内
60%
登米市津山米山林林館
60%
登米市みなみかた三滝堂
60%
秩父市あらかわ大滝温泉龍勢会館
60%
秩父市ちちぶ
60%
豊後大野市みえおおの
60%
豊後大野市原尻の滝あさじきよかわ
60%
南房総市ちくら・潮風王国富楽里とみやまおおつの里
58%
佐伯市宇目やよいかまえ
58%
萩市萩・さんさん三見
58%
萩市ハピネスふくえ萩しーまーとうり坊の郷katamata
58%
萩市萩往還あさひゆとりパークたまがわ
58%
那須塩原市湯の香しおばら明治の森・黒磯那須野が原博物館
58%
利根郡みなかみ町みなかみ水紀行館月夜野矢瀬親水公園たくみの里
58%
熊野市熊野きのくに熊野・花の窟熊野・板屋九郎兵衛の里
58%
日南市酒谷なんごうきたごう
58%
南房総市白浜野島崎和田浦 WA・O!
58%
南房総市とみうら三芳村ローズマリー公園
58%
塩尻市小坂田公園奈良井木曽の大橋木曽ならかわ
56%
今治市しまなみの駅御島よしうみいきいき館
56%
今治市今治湯ノ浦温泉伯方S・Cパーク今治市多々羅しまなみ公園
56%
京丹後市てんきてんき丹後丹後王国「食のみやこ」くみはまSANKAIKAN
56%
下関市きくがわ蛍街道西ノ市北浦街道 豊北
56%
船井郡京丹波町丹波マーケス瑞穂の里・さらびき
56%
船井郡京丹波町京丹波 味夢の里
56%
養父市やぶ但馬楽座ようか但馬蔵
56%
十日町市まつだいふるさと会館クロス10十日町瀬替えの郷せんだ
53%
高松市しおのえ香南楽湯源平の郷むれ
51%
久慈市白樺の里やまがたくじいわて北三陸
51%
天草市天草市イルカセンター宮地岳かかしの里
51%
天草市有明うしぶか海彩館﨑津
51%
本巣市富有柿の里いとぬき織部の里・もとすうすずみ桜の里・ねお
51%
宍粟市播磨いちのみや
51%
宍粟市はがちくさみなみ波賀
51%
有田郡有田川町しみずしらまの里明恵ふるさと館
49%
南丹市京都新光悦村美山ふれあい広場スプリングスひよし
49%
有田郡有田川町あらぎの里
49%
田原市田原めっくんはうす伊良湖クリスタルポルトあかばねロコステーション
49%
朝来市あさごフレッシュあさご但馬のまほろば
49%
さぬき市津田の松原みろくながお
47%
高岡郡四万十町四万十大正あぐり窪川四万十とおわ
47%
竹田市竹田ながゆ温泉すごう
47%
真庭市蒜山高原風の家醍醐の里
44%
上益城郡山都町清和文楽邑通潤橋そよ風パーク
44%
揖斐郡揖斐川町星のふる里 ふじはし夢さんさん谷汲夜叉ヶ池の里さかうち
44%
新城市鳳来三河三石つくで手作り村もっくる新城
42%
南会津郡南会津町たじま番屋きらら299
40%
那賀郡那賀町鷲の里わじきもみじ川温泉
38%
伊都郡かつらぎ町紀の川万葉の里かつらぎ西くしがきの里
38%
美方郡香美町村岡ファームガーデンハチ北あゆの里 矢田川
36%
美方郡香美町あまるべ
36%
深谷市おかべはなぞのかわもと
36%
吾川郡いの町土佐和紙工芸村木の香633美の里
33%
曽於市おおすみ弥五郎伝説の里たからべすえよし
31%
木曽郡木曽町日義木曽駒高原三岳木曽福島
31%
菊池市旭志七城メロンドーム泗水
31%
葦北郡芦北町たのうら大野温泉芦北でこぽん
27%
紋別郡遠軽町まるせっぷしらたき遠軽 森のオホーツク
22%

Score Distribution

Percentile by Number Answered

Percent of People with Each Score

Your Score History

You have not taken this quiz